01725nam a2200469 i 450000100060000000300080000600500170001400600190003100700150005000800410006502000270010602000180013303500230015103500240017403500250019803500210022304000310024405000230027508000070029808200120030510000330031724500890035026400390043930000410047833600310051933700330055033800430058349000450062650000220067150400280069358801280072159001640084965000140101365000200102765000140104765000260106165500270108779700190111483000430113385600620117699900170123845336FlNmELB20241216231705.0m o d | cr cnu||||||||140909s2013 sp ob 001 0 spa d a9788490640432 (e-book) z9788490297773 a(MiAaPQ)EBC3222666 a(Au-PeEL)EBL3222666 a(CaPaEBR)ebr10903315 a(OCoLC)991927654 aFINmELBbspaerdacFINmELB 4aCD971b.Al141 2013 a020 a0272231 aAlberch i Fugueras, Ramón.14aLos Archivos :bentender el pasado, construir el futuro /cRamón Alberch Fugueras. 1aBarcelona :bEditorial UOC,c2013. a1 recurso en línea (107 páginas) atextobtxt2rdacontent/spa acomputadorabc2rdamedia/spa arecurso en líneabcr2rdacarrier/spa1 aEl profesional de la información ;v20 aIncluye índice. aIncluye bibliografía. aDescripción basada en recurso en línea; Título de la página del título en PDF (e-libro, visto September 9, 2014). aRecurso electrónico. Santa Fe, Arg.: e-libro, 2015. Disponible vía World Wide Web. El acceso puede estar limitado para las bibliotecas afiliadas a e-libro. 0aArchives. 0aFiling systems. 4aArchivos. 4aSistemas de registro. 4aLibros electrónicos.2 ae-libro, Corp. 0aProfesional de la información ;v20.40uhttps://elibro.net/ereader/politecnicointernacional/57607 c45336d45336